Definitive guide to Excel VBA /
Guardado en:
| Autor Principal: | |
|---|---|
| Otros Autores: | |
| Formato: | Libro |
| Idioma: | English |
| Publicado: |
Berkeley, CA :
Apress,
c2000.
|
| Materias: | |
| Acceso en línea: | Tabla de contenido |
| Etiquetas: |
Agregar Etiqueta
Sin Etiquetas, Sea el primero en etiquetar este registro!
|
| LEADER | 00878cam a22002415a 4500 | ||
|---|---|---|---|
| 001 | EIQ.libpla001869 | ||
| 008 | 050511s2000####caua#####b####001#0#eng#d | ||
| 005 | 20070222191507.0 | ||
| 245 | 1 | 0 | |a Definitive guide to Excel VBA / |c Michael Kofler ; translated by David Kramer. |
| 260 | |a Berkeley, CA : |b Apress, |c c2000. | ||
| 300 | |a xiv, 866 p. : |b il. + |e CD-ROM ; |c 24 cm. | ||
| 504 | |a Incluye referencias bibliográficas e índice. | ||
| 020 | |a 1893115798 (pbk.) | ||
| 100 | 1 | |a Kofler, Michael. | |
| 246 | 3 | 0 | |a Excel VBA |
| 700 | 1 | |a Kramer, David, |e tr. |4 trl | |
| 082 | 0 | 0 | |a 005.54 |2 22 |
| 650 | 0 | |a Programas (computadores) |x Desarrollo. | |
| 650 | 0 | |a Computer software |x Development. | |
| 010 | |a 2005297843 | ||
| 040 | |a CVU |c CVU |d DLC |d AR-BbSID | ||
| 856 | 4 | 1 | |3 Tabla de contenido |u http://www.loc.gov/catdir/toc/fy054/2005297843.html |
| 859 | |a AR-BbSID |b BIB. PLAPIQUI |h 005.369 |i K 82 |p 5418 | ||
